000 00461nam a2200181Ia 4500
005 20250923144427.0
008 008 250917s9999 xx 000 0 eng d
037 _aTextual
040 _aDSWL
_beng
_cDSWL
041 _aeng
_2eng
084 _qDSWL
245 0 _aInternational standard classification of occupations
_cby ILO
260 _aGeneva
_bILO
_c1949
365 _aINR
_b3.9
925 _g3.9
942 _cTEXL
999 _c1438724
_d1438724